| 000 | 00974nam a2200265 i 4500 | ||
|---|---|---|---|
| 001 | 184084 | ||
| 003 | ES-MaACL | ||
| 005 | 20251001203308.0 | ||
| 008 | 150312s1969 sp |||| | lat d | ||
| 080 | _a254:262.5 Vat.II | ||
| 080 | _a262.14:262.5 Vat.II | ||
| 111 | 2 |
_aConcilio Vaticano ( _n2º. _d1962-1965) _9122 |
|
| 245 | 1 | 4 |
_aLos sacerdotes _b: decretos "Presbyterorum Ordinis" y "Optatam Totius". / _cprólogo de Mons. Marty ; comentarios de J. Frisque ... [et al.] ; bajo la dirección de J. Frisque e Y. Congar. |
| 260 |
_aMadrid : _bTaurus, _c1969. |
||
| 300 |
_a473 p. ; _c22 cm. |
||
| 490 | 1 |
_aVaticano II ; _v4 |
|
| 546 | _aTextos latinos y traducciones castellanas. | ||
| 650 | 0 | 7 |
_aSacerdotes. _916959 |
| 700 | 1 |
_aMarty, François, _d1904-1994 _9156549 |
|
| 700 | 1 |
_aFrisque, Jean. _952687 |
|
| 700 | 1 |
_aCongar, Yves, _d1904-1995 _940170 |
|
| 830 | 0 |
_aVaticano II ; _v4 _9192023 |
|
| 852 |
_aES-MaACL _jE-15477 |
||
| 999 |
_c184084 _d184084 |
||